ALL-AMERIKKKAN BADA$$ Tracklist (Joey Bada$$) - Statistics

General Stats
  • This quiz has been taken 5 times
  • The average score is 10 of 12
Answer Stats
Hint Answer % Correct
10 BABYLON
100%
5 DEVASTATED
100%
2 FOR MY PEOPLE
100%
3 TEMPTATION
100%
12 AMERIKKKAN IDOL
80%
11 LEGENDARY
80%
8 RING THE ALARM
80%
7 ROCKABYE BABY
80%
9 SUPER PREDATOR
80%
1 GOOD MORNING AMERIKKKA
60%
4 LAND OF THE FREE
60%
6 Y DON'T U LOVE ME? (MISS AMERIKKA)
60%
No matching quizzes found
Score Distribution
Percent of People with Each Score
Percentile by Number Answered
Your Score History
You have not taken this quiz